[Event "Montevideo Trebejos Autumn op"]
[Site "Montevideo"]
[Date "2023.05.10"]
[Round "2"]
[White "Saralegui Cassan, Mario"]
[Black "Pascualvaca, Federico"]
[Result "1-0"]
[WhiteElo "1981"]
[BlackElo "1704"]
[PlyCount "47"]
[EventDate "2023.05.03"]
[EventType "swiss"]
[EventRounds "5"]
[EventCountry "URU"]
[SourceTitle "EXT 2024"]
[Source "ChessBase"]
[SourceDate "2023.10.10"]
[SourceVersion "1"]
[SourceVersionDate "2023.10.10"]
[SourceQuality "1"]

1. d4 Nf6 2. Nf3 e6 3. Bg5 d5 4. e3 Be7 5. Bd3 0-0 6. 0-0 c5 7. c3 cxd4 8. exd4 b6 9. Qe2 Bb7 10. Nbd2 Qc8 11. a4 Ba6 12. Bb5 Bxb5 13. axb5 a6 14. Ne5 h6 15. Bh4 Re8 16. h3 a5 17. Rac1 Ra7 18. f4 Rc7 19. g4 Nh5 20. Be1 Nf6 21. g5 hxg5 22. fxg5 Ne4 23. Nxe4 dxe4 24. Qh5 1-0

[Event "URU-ch 93rd"]
[Site "Montevideo"]
[Date "2023.04.01"]
[Round "2"]
[White "Curi, Gabriel"]
[Black "Saralegui Cassan, Mario"]
[Result "1-0"]
[WhiteElo "2113"]
[BlackElo "1992"]
[PlyCount "123"]
[EventDate "2023.03.31"]
[EventType "tourn"]
[EventRounds "11"]
[EventCountry "URU"]
[SourceTitle "CBM 213 Extra"]
[Source "ChessBase"]
[SourceDate "2023.05.31"]
[SourceVersion "1"]
[SourceVersionDate "2023.05.31"]
[SourceQuality "1"]

1. e4 e5 2. Nf3 Nc6 3. Bb5 a6 4. Ba4 Nf6 5. 0-0 Be7 6. Re1 b5 7. Bb3 0-0 8. d4 d6 9. c3 Bg4 10. Be3 h6 11. h3 Bh5 12. Nbd2 Re8 13. a4 Qd7 14. Qe2 Rab8 15. axb5 axb5 16. Bc2 Bf8 17. d5 Ne7 18. Qf1 c6 19. dxc6 Nxc6 20. g4 Bg6 21. Nh4 Bh7 22. Qg2 d5 23. g5 hxg5 24. Bxg5 Nh5 25. Bb3 d4 26. Qf3 Nf4 27. Bxf4 exf4 28. Qxf4 Ne5 29. Re2 dxc3 30. bxc3 Qxh3 31. Ndf3 Qg4+ 32. Qxg4 Nxg4 33. Ng5 Rb7 34. f4 Bc5+ 35. Kg2 Ne3+ 36. Kf3 Nc4 37. Rh2 Rd7 38. Nxh7 Rd3+ 39. Kg4 Kxh7 40. Nf5+ Kg6 41. Bxc4 bxc4 42. Ra6+ Re6 43. Ne7+ Bxe7 44. f5+ Kf6 45. fxe6 fxe6 46. Rh3 Ke5 47. Rxd3 cxd3 48. Kf3 d2 49. Ra5+ Kd6 50. Ke2 Bd8 51. Rb5 Kc6 52. c4 g5 53. Kxd2 g4 54. Ke2 Bc7 55. Rg5 g3 56. Kf3 Bb8 57. e5 Kc5 58. Ke4 Kxc4 59. Rxg3 Kc5 60. Rg6 Kc6 61. Rxe6+ Kd7 62. Rg6 1-0

[Event "Montevideo Duchamp Cup 6th"]
[Site "Montevideo"]
[Date "2023.02.08"]
[Round "6"]
[White "Saralegui Cassan, Mario"]
[Black "Vassallo, Mariano"]
[Result "0-1"]
[WhiteElo "2018"]
[BlackElo "1615"]
[PlyCount "68"]
[EventDate "2023.02.03"]
[EventType "swiss"]
[EventRounds "9"]
[EventCountry "URU"]
[SourceTitle "CBM 212 Extra"]
[Source "ChessBase"]
[SourceDate "2023.03.31"]
[SourceVersion "1"]
[SourceVersionDate "2023.03.31"]
[SourceQuality "1"]

1. d4 Nf6 2. Nf3 e6 3. e3 b6 4. Bd3 Bb7 5. 0-0 Be7 6. b3 c5 7. Bb2 d5 8. Nbd2 0-0 9. Rc1 Nbd7 10. c4 Ne4 11. Bb1 Ndf6 12. Qe2 Bd6 13. Rfd1 Nxd2 14. Rxd2 cxd4 15. Bxd4 Re8 16. Ne5 Qc7 17. f4 Rac8 18. Bb2 Qe7 19. Rcd1 Bb4 20. Rc2 Ne4 21. Rcc1 f6 22. Ng4 Bc5 23. Nf2 Nxf2 24. Qxf2 dxc4 25. bxc4 e5 26. fxe5 fxe5 27. Qg3 Rcd8 28. Qh3 g6 29. Qg3 Rxd1+ 30. Rxd1 Rd8 31. Re1 Rd2 32. Qxe5 Rxg2+ 33. Kf1 Qf7+ 34. Qf6 Qxc4+ 0-1

[Event "Montevideo Duchamp Cup 6th"]
[Site "Montevideo"]
[Date "2023.02.04"]
[Round "2"]
[White "Saralegui Cassan, Mario"]
[Black "Acosta, Pablo Ismael"]
[Result "0-1"]
[WhiteElo "2018"]
[BlackElo "2477"]
[PlyCount "78"]
[EventDate "2023.02.03"]
[EventType "swiss"]
[EventRounds "9"]
[EventCountry "URU"]
[SourceTitle "CBM 212 Extra"]
[Source "ChessBase"]
[SourceDate "2023.03.31"]
[SourceVersion "1"]
[SourceVersionDate "2023.03.31"]
[SourceQuality "1"]

1. d4 Nf6 2. Nf3 e6 3. e3 b6 4. Bd3 Bb7 5. Nbd2 c5 6. c3 d5 7. 0-0 Be7 8. Ne5 0-0 9. Ndf3 Ne4 10. Nd2 f6 11. Nef3 c4 12. Bc2 Qc7 13. Nxe4 dxe4 14. Nd2 f5 15. f3 Bd6 16. h3 exf3 17. Nxf3 Nd7 18. Ng5 Rae8 19. e4 h6 20. e5 Nxe5 21. dxe5 Bc5+ 22. Kh1 hxg5 23. Qe1 Be7 24. Qg3 Rd8 25. Re1 Qc6 26. Bd1 Rd3 27. Bf3 Qc5 28. Rf1 Bxf3 29. gxf3 f4 30. Qg4 Qxe5 31. b3 Qe2 32. Qg2 Qxg2+ 33. Kxg2 Rxc3 34. Bb2 Rc2+ 35. Rf2 Rxb2 36. Rxb2 Bf6 37. Rab1 Bxb2 38. Rxb2 c3 39. Rc2 Rd8 0-1

[Event "Montevideo Trebejos 50 Anniv op"]
[Site "Montevideo"]
[Date "2022.09.18"]
[Round "2"]
[White "Saldano Dayer, Horacio"]
[Black "Saralegui Cassan, Mario"]
[Result "1-0"]
[WhiteElo "2392"]
[BlackElo "1998"]
[PlyCount "65"]
[EventDate "2022.09.17"]
[EventType "swiss"]
[EventRounds "9"]
[EventCountry "URU"]
[SourceTitle "EXT 2023"]
[Source "ChessBase"]
[SourceDate "2022.10.05"]
[SourceVersion "1"]
[SourceVersionDate "2022.10.05"]
[SourceQuality "1"]

1. Nf3 d5 2. g3 Nf6 3. Bg2 g6 4. 0-0 Bg7 5. d4 0-0 6. c4 c6 7. Qb3 Na6 8. Nc3 e6 9. Ne5 Nd7 10. Nxd7 Qxd7 11. Rd1 Qe7 12. e4 dxc4 13. Qxc4 Qb4 14. Qe2 Rd8 15. a3 Qe7 16. e5 f5 17. exf6 Qxf6 18. Ne4 Qf8 19. Bg5 Re8 20. Bf4 e5 21. dxe5 Bxe5 22. Bxe5 Rxe5 23. Qc4+ Be6 24. Qc3 Rf5 25. Bh3 Nc7 26. Bxf5 Qxf5 27. Re1 Nd5 28. Qd4 Rd8 29. Rad1 Bc8 30. Nf6+ Kf7 31. Nxd5 Rxd5 32. Qe3 Be6 33. Rxd5 1-0

[Event "Montevideo Trebejos Grand Prix"]
[Site "Montevideo"]
[Date "2020.01.31"]
[Round "4"]
[White "Quevedo, Andreina"]
[Black "Saralegui Cassan, Mario"]
[Result "1/2-1/2"]
[WhiteElo "1856"]
[BlackElo "2010"]
[PlyCount "82"]
[EventDate "2020.01.20"]
[EventType "swiss"]
[EventRounds "5"]
[EventCountry "URU"]
[SourceTitle "CBM 195 Extra"]
[Source "ChessBase"]
[SourceDate "2020.05.31"]
[SourceVersion "1"]
[SourceVersionDate "2020.05.31"]
[SourceQuality "1"]

1. e4 e5 2. Nf3 Nc6 3. d4 exd4 4. Bc4 Nf6 5. e5 d5 6. Bb5 Ne4 7. Nxd4 Bc5 8. 0-0 0-0 9. Bxc6 bxc6 10. f3 Ng5 11. f4 Ne4 12. Be3 f6 13. Nd2 fxe5 14. fxe5 Rxf1+ 15. Nxf1 Qe8 16. c3 Bd7 17. Nf3 Bb6 18. Qe1 Qh5 19. N1d2 Bf5 20. Nd4 Nxd2 21. Qxd2 Be4 22. Nxc6 Qe8 23. Bxb6 axb6 24. Nd4 Qxe5 25. a3 c5 26. Ne2 Re8 27. Ng3 Bg6 28. Rd1 Bf7 29. Rf1 Bg6 30. Rd1 Qe3+ 31. Qxe3 Rxe3 32. Rxd5 Re1+ 33. Kf2 Rb1 34. Rd2 Kf7 35. Nf1 Bf5 36. Ne3 Be6 37. Kf3 h5 38. h4 Kf6 39. Ke4 Re1 40. Kf4 Rb1 41. Ke4 Re1 1/2-1/2

[Event "Montevideo Trebejos Grand Prix"]
[Site "Montevideo"]
[Date "2020.01.24"]
[Round "2"]
[White "Palacio, Enzo"]
[Black "Saralegui Cassan, Mario"]
[Result "1/2-1/2"]
[WhiteElo "1869"]
[BlackElo "2010"]
[PlyCount "110"]
[EventDate "2020.01.20"]
[EventType "swiss"]
[EventRounds "5"]
[EventCountry "URU"]
[SourceTitle "CBM 195 Extra"]
[Source "ChessBase"]
[SourceDate "2020.05.31"]
[SourceVersion "1"]
[SourceVersionDate "2020.05.31"]
[SourceQuality "1"]

1. e4 e5 2. Nf3 Nc6 3. Bb5 a6 4. Ba4 Nf6 5. 0-0 Be7 6. Re1 b5 7. Bb3 0-0 8. c3 d6 9. h3 Na5 10. Bc2 c5 11. d4 Qc7 12. Nbd2 Nc6 13. Nf1 h6 14. Be3 Bd7 15. Ng3 Rfe8 16. Qd2 Bf8 17. d5 Na5 18. b3 Nb7 19. Nh4 c4 20. b4 a5 21. a3 Ra6 22. Reb1 Rea8 23. Qc1 Qd8 24. Nhf5 Kh7 25. Bd2 Ng8 26. Qd1 Ne7 27. Nxe7 Qxe7 28. Kh1 g6 29. Qf1 Bg7 30. a4 axb4 31. cxb4 Bf6 32. axb5 Bxb5 33. Rxa6 Rxa6 34. Ne2 Bg5 35. Qc1 Bxd2 36. Qxd2 Qh4 37. Nc3 Bd7 38. Qe3 Ra3 39. Rc1 Nd8 40. Bd1 Kg7 41. Qg3 Qe7 42. Bg4 Be8 43. f4 exf4 44. Qxf4 f6 45. Ne2 Nf7 46. Rxc4 Bb5 47. Rc3 Qa7 48. Qd2 Bxe2 49. Rxa3 Qxa3 50. Bxe2 Ng5 51. Qc2 Qxb4 52. Qc7+ Nf7 53. Bg4 f5 54. exf5 Qe1+ 55. Kh2 Qe5+ 1/2-1/2

[Event "Montevideo Trebejos Nostalgico op"]
[Site "Montevideo"]
[Date "2019.08.05"]
[Round "1"]
[White "Pelaez, Diego"]
[Black "Saralegui Cassan, Mario"]
[Result "0-1"]
[WhiteElo "1619"]
[BlackElo "2062"]
[PlyCount "51"]
[EventDate "2019.08.05"]
[EventType "swiss"]
[EventRounds "6"]
[EventCountry "URU"]
[SourceTitle "EXT 2020"]
[Source "ChessBase"]
[SourceDate "2019.10.17"]
[SourceVersion "1"]
[SourceVersionDate "2019.10.17"]
[SourceQuality "1"]

1. d4 Nf6 2. c4 e6 3. Nf3 Bb4+ 4. Bd2 Qe7 5. a3 Bxd2+ 6. Nbxd2 d6 7. e3 0-0 8. Bd3 e5 9. dxe5 dxe5 10. Qc2 Bg4 11. Ng5 g6 12. h3 Bd7 13. g4 Bc6 14. e4 a5 15. 0-0-0 Na6 16. Nb3 Ba4 17. Qc3 Bxb3 18. Qxb3 Nc5 19. Qc3 Rad8 20. Bc2 b6 21. Rhe1 Rxd1+ 22. Rxd1 Re8 23. Qg3 h6 24. Nf3 Nfxe4 25. Qg2 Qf6 26. Qh2 0-1